000 00601nam a2200205Ia 4500
001 19636
003 GE_BSU
008 181216s||||||||xx |||||||||||||| ||und||
040 _cGE_BSU
245 _aБанковские технологии № 10(250) 2016
245 _cГл. ред. Ю.Н.Гордеев
260 _aМосква
260 _bФинанс Медиа
260 _c2016
300 _a62 стр. 30см. илл.
653 _aБанковские технологии. № 10(250) 2016
653 _aПериодика
653 _aპერიოდიკა
942 _cCR
999 _c52612
_d52612